|
|
|
|
| LEADER |
00000nam0a2200000 4500 |
| 001 |
318255 |
| 005 |
20231102003046.0 |
| 035 |
|
|
|a (RuTPU)RU\TPU\book\343753
|
| 090 |
|
|
|a 318255
|
| 100 |
|
|
|a 20160422d1956 m y0rusy50 ca
|
| 101 |
0 |
|
|a rus
|
| 102 |
|
|
|a RU
|
| 105 |
|
|
|a a j 000zy
|
| 200 |
1 |
|
|a Атомное оружие и противоатомная защита
|e стенограмма лекции
|f И. А. Науменко
|
| 210 |
|
|
|a Киев
|c Знание
|d 1956
|
| 215 |
|
|
|a 39 с.
|c ил.
|
| 606 |
1 |
|
|a Ядерное оружие
|2 stltpush
|3 (RuTPU)RU\TPU\subj\21586
|9 46548
|
| 610 |
1 |
|
|a внутриатомная энергия
|
| 610 |
1 |
|
|a высвобождение
|
| 610 |
1 |
|
|a устройства
|
| 610 |
1 |
|
|a атомная бомба
|
| 610 |
1 |
|
|a атомный взрыв
|
| 610 |
1 |
|
|a поражающее действие
|
| 610 |
1 |
|
|a световое излучение
|
| 610 |
1 |
|
|a радиация
|
| 610 |
1 |
|
|a радиоактивное заражение
|
| 675 |
|
|
|a 621.039
|v 3
|
| 700 |
|
1 |
|a Науменко
|b И. А.
|
| 712 |
0 |
2 |
|a Общество "Знание" Украинской ССР
|2 stltpush
|3 (RuTPU)RU\TPU\col\8781
|9 24581
|
| 801 |
|
1 |
|a RU
|b 63413507
|c 20160422
|
| 801 |
|
2 |
|a RU
|b 63413507
|c 20191211
|g RCR
|
| 942 |
|
|
|c BK
|